000
00323nam a22001457a 4500
003
SGT
082
_a
612.015
_b
V02G
100
_a
GOWENLOCK, ALAM H.
245
_a
VAREY'S PRACTICAL CLINICAL BIOCHEMISTRY
250
_a
6TH
260
_a
INDIA
_b
CBS
_c
2002
300
_a
1050
650
_a
BIOCHEMISTRY
942
_2
ddc
_c
BK
999
_c
10545
_d
10545